000 00429nam a2200157Ia 4500
008 210210b1994 xxu||||| |||| 00| 0 eng d
020 _a81 207 1623 X
082 _a820.309 MCLR
100 _aMcLEOD (A L).
245 _aR.K. Narayan critical perspectives.
260 _aNew Delhi.
_bSterling Publishers Pvt Ltd.,
_c1994
300 _ax,174
650 _aNarayan R.K.
690 _aIndian English Criticism
906 _a048772
999 _c97709
_d97709